| 000 | 00631cam a22002052 4500 | ||
|---|---|---|---|
| 001 | 0000000969 | ||
| 005 | 20151217155806.0 | ||
| 008 | 070222s xx 000 0 eng d | ||
| 040 |
_aKABU _cKABU |
||
| 050 | 0 |
_aDT351 _b.S7E95 |
|
| 245 | 1 | 4 |
_aThe Exploration diaries of H. M. Stanley / _ced. by Richard Stanley and Alan Neame. |
| 260 |
_aLondon : _bW. Kimbner, _c1961. |
||
| 300 | _axxi, 208 p. | ||
| 600 | 1 | 0 |
_aStanley, Henry Morton. _@0000148657 |
| 700 | 1 |
_aStanley, Richard. _@0000149424 |
|
| 700 | 1 |
_aNeame, Alan. _@0000149425 |
|
| 908 | _a070222 | ||
| 950 | _@1 | ||
| 999 |
_c12472 _d12472 |
||